Welcome to CU Library Online Public Access Catalogue (OPAC)

Texts that linger, words that explode : (Record no. 5417)

MARC details
000 -LEADER
fixed length control field 00659cam a2200205 a 4500
001 - CONTROL NUMBER
control field 11784638
005 - DATE AND TIME OF LATEST TRANSACTION
control field 20250411125052.0
008 - FIXED-LENGTH DATA ELEMENTS--GENERAL INFORMATION
fixed length control field 990903s2000 mnu b 001 0 eng
020 ## - INTERNATIONAL STANDARD BOOK NUMBER
International Standard Book Number 0800632311 (alk. paper)
020 ## - INTERNATIONAL STANDARD BOOK NUMBER
International Standard Book Number 9780800632311
050 00 - LIBRARY OF CONGRESS CALL NUMBER
Classification number BS1198
Item number .B6318 2000
082 00 - DEWEY DECIMAL CLASSIFICATION NUMBER
Classification number 221.6
Edition information 21
100 1# - MAIN ENTRY--PERSONAL NAME
Personal name Brueggemann, Walter.
245 10 - TITLE STATEMENT
Title Texts that linger, words that explode :
Remainder of title listening to prophetic voices /
Statement of responsibility, etc. Walter Brueggemann ; edited by Patrick D. Miller.
260 ## - PUBLICATION, DISTRIBUTION, ETC.
Place of publication, distribution, etc. Minneapolis, MN :
Name of publisher, distributor, etc. Fortress Press,
Date of publication, distribution, etc. c2000.
300 ## - PHYSICAL DESCRIPTION
Extent xi, 140 p. ;
Dimensions 23 cm.
650 #0 - SUBJECT ADDED ENTRY--TOPICAL TERM
Topical term or geographic name entry element Prophecy
General subdivision Judaism.
700 1# - ADDED ENTRY--PERSONAL NAME
Personal name Miller, Patrick D.
942 ## - ADDED ENTRY ELEMENTS (KOHA)
Source of classification or shelving scheme Library of Congress Classification
Koha item type Books
Suppress in OPAC No
999 ## -
-- 5417
-- 5417
Holdings
Withdrawn status Lost status Source of classification or shelving scheme Damaged status Not for loan Collection Home library Current library Shelving location Date acquired Total checkouts Full call number Barcode Date last seen Copy number Price effective from Koha item type
    Library of Congress Classification     Non-fiction Business Library (Miotso) Business Library (Miotso) General stacks 04/11/2025   BS1198 .B6318 2000 BSSM00001778 04/11/2025 1 04/11/2025 Books
    Library of Congress Classification     Non-fiction Undergraduate Library (Christ Temple) Undergraduate Library (Christ Temple) General stacks 06/27/2025   BS1198.86318 BRU ulct00003585 06/27/2025 1 06/07/2025 Books
    Library of Congress Classification     Non-fiction Undergraduate Library (Christ Temple) Undergraduate Library (Christ Temple) General stacks 06/27/2025   BS1198.86318 BRU ulct00003586 06/27/2025 2 06/07/2025 Books
© 2023-2024 Copyright: Central University Libraries. All Rights Reserved | Created by: Mahone Tech Office